San Juan de la Maguana : (Registro nro. 8223)

Detalles MARC
000 -LIDER
fixed length control field 01367nam a2200361 a 4500
001 - NÚMERO DE CONTROL
Identificador de número de control 000004063
003 - IDENTIFICACDOR DE NÚMERO DE CONTROL
control field DO-SdBNP
005 - DATE AND TIME OF LATEST TRANSACTION
control field 20171023085549.0
007 - CAMPOS FIJOS DE DESCRIPCIÓN FÍSICA
fixed length control field 000004063
008 - ELEMENTOS DE LONGITUD FIJA
fixed length control field 090716s2007 dr 000 0 spa d
020 ## - ISBN
International Standard Book Number 9789993442721
040 ## - FUENTE DE CATALOGACIÓN
Agencia que crea de manera original el registro BPMSU
Idioma de catalogación spa
Agencia que realiza la transcripción BPMSU
082 #4 - NÚMERO DE CLASIFICACIÓN DECIMAL DE DEWEY
Classification number 972.9342
Item number M433s, 2007
100 0# - ASIENTO PRINCIPAL -- NOMBRE PERSONAL
Nombre personal Matos de la Rosa, Luis Enrique,
Fechas asociadas con el nombre 1971-
245 10 - MENCIÓN DE TITULO
Título San Juan de la Maguana :
Subtítulo una introducción a su historia de cara al futuro /
Mención de responsabilidad Luis Enrique Matos de la Rosa, José Enrique Méndez, Carlos Vicente Castillo.
250 ## - MENCIÓN DE EDICION
Mención de edición Edición especial
260 ## - PUBLICACIÓN, DISTRIBUCIÓN, ETC. (PIE DE IMPRENTA)
Lugar de publicación, distribución, etc Santo Domingo :
Nombre del editor, distribuidor, etc. Ferilibro,
Fecha de publicación, distribución, etc 2007.
300 ## - DESCRIPCIÓN FÍSICA
Extensión 386 p. :
Otros detalles físicos diagr. ;
Dimensiones 23 cm.
490 1# - MENCIÓN DE SERIES
Mención de serie Ferilibro ;
Volume/sequential designation no. 110
500 ## - NOTA GENERAL
Nota general Incluye índice
504 ## - NOTA DE BIBLIOGRAFÍA, ETC.
Bibliography, etc Bibliográfica : p. 371-380
650 #4 - ENCABEZAMIENTO DE MATERIA--TEMÁTICO
Término temático o nombre geográfico como elemento de entrada CIUDADES Y PUEBLOS
Subdivisión geográfica REPÚBLICA DOMINICANA
651 #4 - ENCABEZAMIENTO DE MATERIA--NOMBRE GEOGRÁFICO
Nombre geográfico SAN JUAN DE LA MAGUANA (REPÚBLICA DOMINICANA)
Subdivisión temática general HISTORIA LOCAL
651 #4 - ENCABEZAMIENTO DE MATERIA--NOMBRE GEOGRÁFICO
Nombre geográfico SAN JUAN DE LA MAGUANA (REPÚBLICA DOMINICANA)
Subdivisión temática general VIDA SOCIAL Y COSTUMBRES
700 12 - ASIENTO SECUNDARIO -- NOMBRE PERSONAL
Nombre personal Méndez Díaz, José Enrique
700 12 - ASIENTO SECUNDARIO -- NOMBRE PERSONAL
Nombre personal Castillo, Carlos Vicente
710 ## - ASIENTO SECUNDARIO -- NOMBRE CORPORATIVO
Nombre corporativo o de jurisdicción Dirección General de la Feria del Libro (República Dominicana)
830 #0 - ASIENTO SECUNDARIO DE SERIE--TÍTULO UNIFORME
Título uniforme Ferilibro ;
Número de la parte o sección de una obra no. 110
910 ## - VALIDACIÓN
Validación Validado. Control de calidad MFF
942 ## - ADDED ENTRY ELEMENTS (KOHA)
Source of classification or shelving scheme Dewey Decimal Classification
Koha item type Libros
945 ## - INFORMACIÓN DE PROCESAMIENTO LOCAL
Información de procesamiento local Inventariado / 2017 VM
956 ## - LOCAL ELECTRONIC LOCATION AND ACCESS (OCLC)
Nombre de host VMATEO
Número de acceso 10
Información de compresión 20150825
Inicio de sesión BPMSU
Procesador de solicitud 00151
Existencias
Withdrawn status Lost status Source of classification or shelving scheme Damaged status Not for loan Collection code Home library Current library Date acquired Source of acquisition Total Checkouts Full call number Barcode Date last seen Price effective from Koha item type Copy number
    Dewey Decimal Classification     Colección Dominicana Biblioteca Pública Metropolitana Salomé Ureña Biblioteca Pública Metropolitana Salomé Ureña 08/25/2015 Canje   972.9342 M433s 2007 BPMSU15080473 08/25/2015 08/25/2015 Libros  
    Dewey Decimal Classification     Colección Dominicana Biblioteca Pública Metropolitana Salomé Ureña Biblioteca Pública Metropolitana Salomé Ureña 08/25/2015 Canje   972.9342 M433s 2007 BPMSU15080474 08/25/2015 08/25/2015 Libros e. 2